[Event "DVM U20 2009"]
[Site "Chemnitz GER"]
[Date "2009.12.27"]
[Round "2"]
[White "Grünke, Paul"]
[Black "Bluhm, Achim"]
[Result "1/2-1/2"]
[Termination "normal"]
[Board "4.6"]
[WhiteElo "2107"]
[BlackElo "1958"]
[WhiteTeam "SC Dillingen"]
[BlackTeam "Sfr.Neuberg"]
[PlyCount "114"]
[WhiteFideId "24647802"]
[BlackFideId "1270565"]
[EventCountry "GER"]
[EventRounds "7"]
[EventType "team-swiss"]
[EventDate "2009.12.26"]

1. e4 c5 2. Nf3 a6 3. c3 d5 4. exd5 Qxd5 5. Na3 b5 6. d4 Bb7 7. Be3 cxd4 8.
Qxd4 Nf6 9. Be2 Nbd7 10. O-O e5 11. Qxd5 Nxd5 12. Nc2 Nxe3 13. Nxe3 g6 14. a4
bxa4 15. Rxa4 Bg7 16. Rfa1 Nc5 17. Rc4 Ne6 18. Rb4 Ra7 19. Nc4 Bxf3 20. Rb8+
Ke7 21. Rxh8 Bxe2 22. Rc8 Rc7 23. Rxc7+ Nxc7 24. Ne3 f5 25. f3 e4 26. Kf2 Bd3
27. g3 Ke6 28. Ra5 Bh6 29. Rc5 Kd6 30. b4 Bg5 31. Nc4+ Bxc4 32. Rxc4 e3+ 33.
Ke2 Nd5 34. Rc5 f4 35. c4 Nc3+ 36. Ke1 Bd8 37. Rc8 Kd7 38. Ra8 Be7 39. Ra7+ Kd8
40. Ra8+ Kd7 41. Ra7+ Ke8 42. Ra8+ Kf7 43. Ra7 Ke8 44. Ra8+ Kf7 45. Ra7 Ke6 46.
Rxa6+ Ke5 47. Rb6 Kd4 48. Rb7 Bf8 49. c5 fxg3 50. hxg3 Nd5 51. Rd7 Kc4 52. Ke2
Nxb4 53. Kxe3 Bxc5+ 54. Ke2 h6 55. Rh7 Bf8 56. Rh8 Bg7 57. Rh7 Bf8 1/2-1/2

[Event "DVM U20 2009"]
[Site "Chemnitz GER"]
[Date "2009.12.27"]
[Round "2"]
[White "Friedrich, Wiede"]
[Black "Borgmeyer, Max"]
[Result "1-0"]
[Termination "normal"]
[Board "5.1"]
[WhiteElo "2114"]
[BlackElo "2058"]
[WhiteTeam "USV Potsdam"]
[BlackTeam "SC Königsspringer Hamburg 1984"]
[PlyCount "111"]
[WhiteFideId "24629537"]
[BlackFideId "24615870"]
[EventCountry "GER"]
[EventRounds "7"]
[EventType "team-swiss"]
[EventDate "2009.12.26"]

1. e4 c5 2. Nf3 d6 3. d4 cxd4 4. Nxd4 Nf6 5. Nc3 a6 6. Bg5 e6 7. f4 Be7 8. Qf3
Qc7 9. O-O-O Nbd7 10. g4 b5 11. Bxf6 Bxf6 12. Bxb5 Rb8 13. Bxd7+ Bxd7 14. Qd3
O-O 15. g5 Be7 16. h4 Qb6 17. Nb3 Rfc8 18. h5 a5 19. h6 g6 20. Qd4 Qxd4 21.
Rxd4 a4 22. Nxa4 e5 23. fxe5 Bxg5+ 24. Kb1 Bxa4 25. Rxa4 dxe5 26. Ra5 Bf4 27.
Rc5 g5 28. Rd5 Rb6 29. Nc5 g4 30. Nd7 Re6 31. b4 g3 32. Rg1 Rxh6 33. Nxe5 Rh2
34. Nd3 Bb8 35. e5 g2 36. Ne1 Re8 37. Nxg2 Bxe5 38. Ne3+ Kf8 39. Ng4 Re2 40.
Nxe5 R2xe5 41. Rxe5 Rxe5 42. a4 h5 43. Rh1 Ke7 44. Kb2 Kd6 45. Kb3 Rg5 46. a5
Kc7 47. Ka4 Kb7 48. c4 Rg4 49. Rxh5 Rxc4 50. Rf5 Rc7 51. b5 Re7 52. Rf6 Kb8 53.
a6 Ka8 54. b6 Rd7 55. Kb5 Re7 56. Rc6 1-0

[Event "DVM U20 2009"]
[Site "Chemnitz GER"]
[Date "2009.12.27"]
[Round "2"]
[White "Lock, Adrian"]
[Black "Zahn, Benno"]
[Result "0-1"]
[Termination "normal"]
[Board "5.2"]
[WhiteElo "2014"]
[BlackElo "1983"]
[WhiteTeam "SC Königsspringer Hamburg 1984"]
[BlackTeam "USV Potsdam"]
[PlyCount "150"]
[WhiteFideId "24651290"]
[BlackFideId "24636070"]
[EventCountry "GER"]
[EventRounds "7"]
[EventType "team-swiss"]
[EventDate "2009.12.26"]

1. e4 c5 2. Nf3 d6 3. b3 Nf6 4. Nc3 Nc6 5. Bb5 Bd7 6. O-O a6 7. Bxc6 Bxc6 8. d3
e6 9. Bb2 Be7 10. e5 Ng4 11. exd6 Bxd6 12. Ne4 Qc7 13. h3 Bxe4 14. dxe4 Ne5 15.
Nd2 f6 16. Qh5+ Ng6 17. Nc4 O-O-O 18. Rad1 Bh2+ 19. Kh1 b5 20. Ne3 Be5 21.
Rxd8+ Kxd8 22. Rd1+ Ke7 23. Bxe5 Qxe5 24. Qxe5 Nxe5 25. f4 Nc6 26. f5 Rd8 27.
Rxd8 Nxd8 28. g4 Kd6 29. Kg2 Ke5 30. Kf3 Kd4 31. h4 h6 32. a4 bxa4 33. bxa4 Kc3
34. g5 hxg5 35. hxg5 exf5 36. exf5 fxg5 37. Ke4 Kd2 38. c4 Nf7 39. Ng4 Nd6+ 40.
Kd5 Nxf5 41. Kxc5 Ne3 42. Nf2 g4 43. Kb6 Kc3 44. c5 Kb4 45. c6 Nd5+ 46. Kxa6 g3
47. Nd3+ Kxa4 48. Nf4 Nxf4 49. c7 g2 50. c8=Q g1=Q 51. Qc4+ Ka3 52. Qxf4 Kb3
53. Kb5 Kc3 54. Kc6 g5 55. Qe5+ Kd3 56. Kd5 Qe3 57. Qf5+ Ke2 58. Qc2+ Kf3 59.
Qd1+ Kg3 60. Kd6 g4 61. Kc7 Qf4+ 62. Kd8 Kh2 63. Qc2+ Kg1 64. Qd1+ Kg2 65. Qe2+
Kh3 66. Qd3+ g3 67. Ke8 Kh2 68. Qh7+ Kg1 69. Qb1+ Qf1 70. Qb6+ Kh2 71. Kd8 Qf8+
72. Kd7 Qg7+ 73. Kc8 g2 74. Qf2 Qg4+ 75. Kb7 Kh1 0-1

[Event "DVM U20 2009"]
[Site "Chemnitz GER"]
[Date "2009.12.27"]
[Round "2"]
[White "Penne, Bo"]
[Black "Maiorov, Daniel"]
[Result "1/2-1/2"]
[Termination "normal"]
[Board "5.3"]
[WhiteElo "1990"]
[BlackElo "1920"]
[WhiteTeam "USV Potsdam"]
[BlackTeam "SC Königsspringer Hamburg 1984"]
[PlyCount "40"]
[WhiteFideId "24642193"]
[BlackFideId "24646920"]
[EventCountry "GER"]
[EventRounds "7"]
[EventType "team-swiss"]
[EventDate "2009.12.26"]

1. e4 c5 2. Nf3 d6 3. Bb5+ Bd7 4. Bxd7+ Qxd7 5. O-O Nc6 6. c3 Nf6 7. Re1 e6 8.
d4 cxd4 9. cxd4 d5 10. e5 Ne4 11. Nbd2 Nxd2 12. Bxd2 Rc8 13. Rc1 Be7 14. a3 b5
15. Qe2 a6 16. Rc3 O-O 17. Rd3 b4 18. Ng5 h6 19. Nh3 bxa3 20. bxa3 Kh7 1/2-1/2

[Event "DVM U20 2009"]
[Site "Chemnitz GER"]
[Date "2009.12.27"]
[Round "2"]
[White "Streich, Justus"]
[Black "Belger, Christian"]
[Result "1-0"]
[Termination "normal"]
[Board "5.4"]
[WhiteElo "1902"]
[BlackElo "1974"]
[WhiteTeam "SC Königsspringer Hamburg 1984"]
[BlackTeam "USV Potsdam"]
[PlyCount "77"]
[WhiteFideId "24697168"]
[BlackFideId "24622940"]
[EventCountry "GER"]
[EventRounds "7"]
[EventType "team-swiss"]
[EventDate "2009.12.26"]

1. e4 c5 2. Nc3 d6 3. g3 Nc6 4. Bg2 Nf6 5. d3 g6 6. Nge2 Bg7 7. O-O O-O 8. f4
Rb8 9. h3 e5 10. f5 gxf5 11. exf5 d5 12. Bg5 Ne7 13. g4 b5 14. Ng3 d4 15. Nce4
Nxe4 16. dxe4 f6 17. Bd2 Qb6 18. Nh5 Rf7 19. g5 Ba6 20. Qg4 Kh8 21. Qh4 fxg5
22. Bxg5 Ng8 23. f6 Bf8 24. Rf3 b4 25. Qg3 Qc7 26. Bf1 c4 27. Be2 Rb6 28. Raf1
c3 29. Bxa6 Rxa6 30. bxc3 Rxa2 31. cxd4 Qxc2 32. R3f2 Qc4 33. Rxa2 Qxa2 34.
Qxe5 Qa6 35. Qd5 Qb6 36. Qxf7 Qxd4+ 37. Kh2 Bd6+ 38. Bf4 Bxf4+ 39. Nxf4 1-0

[Event "DVM U20 2009"]
[Site "Chemnitz GER"]
[Date "2009.12.27"]
[Round "2"]
[White "Henschel, Tobias"]
[Black "Langmann, Markus"]
[Result "1/2-1/2"]
[Termination "normal"]
[Board "5.5"]
[WhiteElo "1903"]
[BlackElo "1954"]
[WhiteTeam "USV Potsdam"]
[BlackTeam "SC Königsspringer Hamburg 1984"]
[PlyCount "75"]
[WhiteFideId "24601624"]
[BlackFideId "24651281"]
[EventCountry "GER"]
[EventRounds "7"]
[EventType "team-swiss"]
[EventDate "2009.12.26"]

1. e4 e6 2. d4 d5 3. exd5 exd5 4. Bd3 Bd6 5. Qf3 Nf6 6. h3 O-O 7. Ne2 Qe8 8.
O-O Nc6 9. c3 Ne4 10. Bf4 f5 11. Bxd6 cxd6 12. Qe3 Qf7 13. f4 Bd7 14. Nd2 Rae8
15. Nxe4 dxe4 16. Bc2 Kh8 17. Bb3 Be6 18. Ba4 Bc4 19. b3 Bd3 20. Bxc6 bxc6 21.
c4 h6 22. Rf2 Qf6 23. Rd1 Re7 24. Nc1 g5 25. g3 Rfe8 26. Kh2 d5 27. c5 Ba6 28.
b4 Rg8 29. Rg1 Reg7 30. Nb3 Bc8 31. Nc1 h5 32. Ne2 h4 33. Rfg2 hxg3+ 34. Rxg3
g4 35. R1g2 Rh7 36. Kg1 Rgg7 37. Kf1 Qh4 38. Ng1 {unleserlich} 1/2-1/2

[Event "DVM U20 2009"]
[Site "Chemnitz GER"]
[Date "2009.12.27"]
[Round "2"]
[White "Akram, Shumon"]
[Black "Buchta, Moritz"]
[Result "1-0"]
[Termination "normal"]
[Board "5.6"]
[WhiteElo "1732"]
[BlackElo "1273"]
[WhiteTeam "SC Königsspringer Hamburg 1984"]
[BlackTeam "USV Potsdam"]
[PlyCount "142"]
[WhiteFideId "24697184"]
[EventCountry "GER"]
[EventRounds "7"]
[EventType "team-swiss"]
[EventDate "2009.12.26"]

1. e4 e5 2. Nf3 Nc6 3. Bc4 Bc5 4. c3 Nf6 5. d4 exd4 6. cxd4 Bb4+ 7. Nc3 d5 8.
exd5 Nxd5 9. Bxd5 Qxd5 10. O-O Bxc3 11. bxc3 O-O 12. Bf4 Qd7 13. Qd3 Ne7 14.
Ne5 Qf5 15. Qg3 Re8 16. Nc4 c6 17. Nd6 Qd7 18. Nxe8 Qxe8 19. Rfe1 Be6 20. Be5
Ng6 21. Bd6 Rd8 22. c4 Qd7 23. c5 b5 24. h4 Ne7 25. Bxe7 Qxe7 26. Rad1 a5 27.
Qf3 Qd7 28. Qe3 Bxa2 29. Ra1 Be6 30. Rxa5 b4 31. Rb1 b3 32. Qc3 Kf8 33. Ra4 Qc7
34. Rb4 Rb8 35. Rxb8+ Qxb8 36. Qg3 Qxg3 37. fxg3 Ke7 38. Kf2 Kf6 39. Kf3 h5 40.
Kf4 g6 41. Rb2 Bd5 42. Rf2 Ke7 43. g4 hxg4 44. Kxg4 Kf8 45. Kg5 Kg7 46. g4 Be6
47. h5 gxh5 48. gxh5 Kh7 49. Rh2 Bd5 50. h6 Be6 51. Kf6 Bd5 52. Ke5 Be6 53. Kd6
Bd5 54. Ke5 Be6 55. Ke4 Bd5+ 56. Kd3 Be6 57. Kc3 Bd5 58. Kb2 f5 59. Rf2 Be6 60.
Rh2 Bd5 61. Kc3 Be6 62. Kd3 Bd5 63. Ke3 Be4 64. Kf4 Bc2 65. d5 b2 66. Rh1 b1=Q
67. Rxb1 Bxb1 68. d6 Kxh6 69. d7 Be4 70. d8=Q Kg6 71. Qg5+ Kf7 1-0

[Event "DVM U20 2009"]
[Site "Chemnitz GER"]
[Date "2009.12.27"]
[Round "2"]
[White "Fox, Daniel"]
[Black "Geshnizjani, Ramin Tobias"]
[Result "1/2-1/2"]
[Termination "normal"]
[Board "6.1"]
[WhiteElo "2118"]
[BlackElo "2096"]
[WhiteTeam "Brackweder SK von 1924"]
[BlackTeam "Heilbronner SV"]
[PlyCount "66"]
[WhiteFideId "24623172"]
[BlackFideId "24633089"]
[EventCountry "GER"]
[EventRounds "7"]
[EventType "team-swiss"]
[EventDate "2009.12.26"]

1. e4 c5 2. c3 d5 3. exd5 Qxd5 4. d4 g6 5. Nf3 Bg7 6. Be3 Nf6 7. Qb3 Qxb3 8.
axb3 cxd4 9. Nxd4 Nd5 10. Bc4 Nxe3 11. fxe3 O-O 12. O-O Bd7 13. Bd5 Nc6 14.
Nxc6 bxc6 15. Bf3 Bh6 16. Kf2 e5 17. Rd1 Be6 18. Bxc6 Bxb3 19. Bxa8 Bxd1 20.
Bd5 Bc2 21. Na3 Bd3 22. c4 a6 23. c5 Rd8 24. Bc4 e4 25. Rd1 Rc8 26. b4 a5 27.
Bxd3 exd3 28. b5 Rxc5 29. Rxd3 Bf8 30. b6 Rc8 31. Ke2 Bxa3 32. Rxa3 Rb8 33.
Rxa5 Rxb6 1/2-1/2

[Event "DVM U20 2009"]
[Site "Chemnitz GER"]
[Date "2009.12.27"]
[Round "2"]
[White "Luo, Xinping"]
[Black "Fox, Jonas"]
[Result "1-0"]
[Termination "normal"]
[Board "6.2"]
[WhiteElo "2130"]
[BlackElo "2031"]
[WhiteTeam "Heilbronner SV"]
[BlackTeam "Brackweder SK von 1924"]
[PlyCount "47"]
[WhiteFideId "4648951"]
[BlackFideId "24667056"]
[EventCountry "GER"]
[EventRounds "7"]
[EventType "team-swiss"]
[EventDate "2009.12.26"]

1. e4 e6 2. d4 d5 3. Nc3 Bb4 4. e5 c5 5. a3 Bxc3+ 6. bxc3 Ne7 7. Qg4 O-O 8. Bd3
f5 9. exf6 Rxf6 10. Bg5 Rf7 11. Qh4 h6 12. Bxe7 Rxe7 13. Ne2 Nc6 14. f4 Qe8 15.
Qg3 Bd7 16. O-O Na5 17. Rae1 Bb5 18. dxc5 Nc4 19. Nd4 Bd7 20. Bxc4 dxc4 21. Re5
Kh7 22. Qe3 g6 23. f5 gxf5 24. Nxf5 1-0

[Event "DVM U20 2009"]
[Site "Chemnitz GER"]
[Date "2009.12.27"]
[Round "2"]
[White "Ehrlich, Tim"]
[Black "Häusinger, Benjamin"]
[Result "1-0"]
[Termination "normal"]
[Board "6.3"]
[WhiteElo "1977"]
[BlackElo "1985"]
[WhiteTeam "Brackweder SK von 1924"]
[BlackTeam "Heilbronner SV"]
[PlyCount "93"]
[WhiteFideId "24666548"]
[BlackFideId "24659576"]
[EventCountry "GER"]
[EventRounds "7"]
[EventType "team-swiss"]
[EventDate "2009.12.26"]

1. e4 c6 2. d4 d5 3. Nc3 dxe4 4. Nxe4 Bf5 5. Ng3 Bg6 6. h4 h6 7. Nf3 Nd7 8. h5
Bh7 9. Bd3 Bxd3 10. Qxd3 e6 11. Bf4 Qa5+ 12. Bd2 Qc7 13. O-O-O Ngf6 14. Kb1
O-O-O 15. Ne4 Nxe4 16. Qxe4 Nf6 17. Qe2 Bd6 18. g3 Rhe8 19. c4 c5 20. Bc3 cxd4
21. Bxd4 e5 22. Bc3 b6 23. Nh4 Qd7 24. c5 bxc5 25. Ba5 Qc6 26. Bxd8 Rxd8 27.
Nf5 Bf8 28. Rxd8+ Kxd8 29. Rd1+ Kc8 30. Qxe5 Qe6 31. Nd6+ Kd7 32. Nxf7+ Ke7 33.
Qc7+ Nd7 34. Qd8+ Kxf7 35. Qxd7+ Qxd7 36. Rxd7+ Ke6 37. Rxa7 c4 38. f3 Bd6 39.
Rxg7 Kd5 40. Kc2 Be5 41. Rg6 Bc7 42. f4 c3 43. bxc3 Bd8 44. Rxh6 Be7 45. Rg6
Bg5 46. Rxg5+ Kc4 47. Rg7 1-0

[Event "DVM U20 2009"]
[Site "Chemnitz GER"]
[Date "2009.12.27"]
[Round "2"]
[White "Schwarz, Felix"]
[Black "Rücker, Bastian"]
[Result "1/2-1/2"]
[Termination "normal"]
[Board "6.4"]
[WhiteElo "1813"]
[BlackElo "1875"]
[WhiteTeam "Heilbronner SV"]
[BlackTeam "Brackweder SK von 1924"]
[PlyCount "141"]
[WhiteFideId "4639065"]
[BlackFideId "24682381"]
[EventCountry "GER"]
[EventRounds "7"]
[EventType "team-swiss"]
[EventDate "2009.12.26"]

1. d4 d5 2. Nf3 e6 3. Bf4 c5 4. c3 Nc6 5. e3 Nf6 6. Bd3 Bd7 7. O-O Be7 8. Nbd2
Rc8 9. dxc5 Bxc5 10. e4 Qb6 11. exd5 Nxd5 12. Nc4 Qd8 13. Bd6 Nce7 14. Bxc5
Rxc5 15. Nd6+ Kf8 16. Nxb7 Qc7 17. Nxc5 Qxc5 18. Qb3 g6 19. Ne5 Be8 20. Qc4 Qd6
21. Qd4 f6 22. Nc4 Qb8 23. Be4 e5 24. Qc5 Nf4 25. Qd6 Qxd6 26. Nxd6 Bd7 27.
Rfd1 Be6 28. Nb5 Kf7 29. Nxa7 f5 30. Bc2 Rb8 31. Rd6 Rxb2 32. Bb3 Bxb3 33. axb3
Ne2+ 34. Kf1 Nxc3 35. Nc6 Rxb3 36. Nxe7 Kxe7 37. Rd3 Ne4 38. Rxb3 Nd2+ 39. Ke2
Nxb3 40. Ra7+ Kf6 41. Rxh7 Nd4+ 42. Kd3 Ne6 43. g3 Ng5 44. Rh8 Nf3 45. Ke3 e4
46. h4 Ne5 47. Ra8 Ng4+ 48. Ke2 Ne5 49. Ra5 Ke6 50. Ra6+ Kf7 51. Ra2 Kg7 52.
Ke3 Nf3 53. Kf4 Ng1 54. h5 Nh3+ 55. Ke5 Kh6 56. hxg6 Kxg6 57. Ra6+ Kg7 58. Kxf5
Nxf2 59. Re6 Kf7 60. Rxe4 Nxe4 61. Kxe4 Kg6 62. Kf4 Kf6 63. g4 Kg6 64. g5 Kf7
65. Kf5 Kg7 66. g6 Kg8 67. Kg5 Kg7 68. Kh5 Kg8 69. Kg5 Kg7 70. Kf5 Kg8 71. g7
1/2-1/2

[Event "DVM U20 2009"]
[Site "Chemnitz GER"]
[Date "2009.12.27"]
[Round "2"]
[White "Spisla, Dominik"]
[Black "Wang, Julia"]
[Result "1/2-1/2"]
[Termination "normal"]
[Board "6.5"]
[WhiteElo "1807"]
[BlackElo "1660"]
[WhiteTeam "Brackweder SK von 1924"]
[BlackTeam "Heilbronner SV"]
[PlyCount "132"]
[WhiteFideId "24676306"]
[BlackFideId "24692565"]
[EventCountry "GER"]
[EventRounds "7"]
[EventType "team-swiss"]
[EventDate "2009.12.26"]

1. d4 f5 2. c4 Nf6 3. g3 d6 4. Bg2 g6 5. Nc3 Bg7 6. e4 Nc6 7. Nge2 O-O 8. O-O
e5 9. d5 Ne7 10. Be3 Ng4 11. Qd2 Nxe3 12. fxe3 Bh6 13. Qd3 fxe4 14. Bxe4 Nf5
15. Bxf5 Bxf5 16. e4 Bh3 17. Rxf8+ Qxf8 18. Re1 Qf6 19. Nd1 Rf8 20. Nec3 Qg5
21. Nf2 Bd7 22. Nb5 Qh5 23. Qe2 Qg5 24. Kg2 Qd2 25. Qxd2 Bxd2 26. Re2 Ba5 27.
Re3 a6 28. Nc3 b5 29. b3 bxc4 30. bxc4 Rb8 31. Ncd1 Rb4 32. Ra3 Bb6 33. Rxa6
Rxc4 34. Kf3 g5 35. h3 h5 36. g4 hxg4+ 37. hxg4 Ba4 38. Ra8+ Kg7 39. Ra6 Bb5
40. Ra3 Rc2 41. Ne3 Be2+ 42. Kg3 Rc1 43. Rb3 Ra1 44. a3 Bc5 45. Kg2 Rxa3 46.
Rxa3 Bxa3 47. Nfd1 Bc5 48. Nc3 Bd3 49. Kf3 Bd4 50. Nf5+ Kf6 51. Ne2 Bb2 52. Ke3
Bb5 53. Kf3 Ba3 54. Neg3 c6 55. dxc6 Bxc6 56. Nh5+ Kf7 57. Ne3 Bc1 58. Nc4 Ke7
59. Ng3 Ke6 60. Nb6 d5 61. exd5+ Bxd5+ 62. Nxd5 Kxd5 63. Ne4 Bf4 64. Nf6+ Kd4
65. Ne4 Kd3 66. Nf6 Kd2 1/2-1/2

[Event "DVM U20 2009"]
[Site "Chemnitz GER"]
[Date "2009.12.27"]
[Round "2"]
[White "Weißbeck, Joachim Daniel"]
[Black "Olyschläger, Richard"]
[Result "0-1"]
[Termination "normal"]
[Board "6.6"]
[WhiteElo "1755"]
[BlackElo "1942"]
[WhiteTeam "Heilbronner SV"]
[BlackTeam "Brackweder SK von 1924"]
[PlyCount "58"]
[WhiteFideId "4639227"]
[BlackFideId "24630209"]
[EventCountry "GER"]
[EventRounds "7"]
[EventType "team-swiss"]
[EventDate "2009.12.26"]

1. e4 g6 2. Nf3 Bg7 3. d4 d6 4. Nc3 a6 5. Be3 e6 6. Qd2 h6 7. Bc4 Ne7 8. O-O
Nd7 9. Rfd1 b6 10. d5 e5 11. Ne2 f5 12. exf5 gxf5 13. Qc1 Nf6 14. a3 Kf8 15.
Ba2 Kg8 16. c4 Kh7 17. Bb1 Rg8 18. Bd2 Bd7 19. Bc2 Ng6 20. Qb1 e4 21. Nfd4 Ne5
22. b3 Nfg4 23. h3 Qh4 24. Ng3 Nxf2 25. Ndxf5 Bxf5 26. Nxf5 Nxh3+ 27. Kh2 Nf3+
28. gxf3 Qf2+ 29. Kh1 Qxf3+ 0-1

[Event "DVM U20 2009"]
[Site "Chemnitz GER"]
[Date "2009.12.27"]
[Round "2"]
[White "Kappe, Benedikt"]
[Black "Brüggemann, Florian"]
[Result "1-0"]
[Termination "normal"]
[Board "7.1"]
[WhiteElo "2027"]
[BlackElo "2030"]
[WhiteTeam "SV 1947 Walldorf"]
[BlackTeam "SG Aufbau Elbe Magdeburg"]
[PlyCount "51"]
[WhiteFideId "24629855"]
[BlackFideId "24645567"]
[EventCountry "GER"]
[EventRounds "7"]
[EventType "team-swiss"]
[EventDate "2009.12.26"]

1. e4 e6 2. d4 d5 3. Nd2 Nf6 4. e5 Nfd7 5. Bd3 c5 6. c3 Nc6 7. Ngf3 Qb6 8. O-O
cxd4 9. cxd4 Nxd4 10. Nxd4 Qxd4 11. Nf3 Qb6 12. Qa4 Qb4 13. Qc2 h6 14. a3 Qa5
15. Bf4 Qd8 16. Rac1 Nc5 17. Be2 Bd7 18. b4 Na4 19. Nd4 a6 20. Nxe6 Bxe6 21.
Qxa4+ Qd7 22. Qa5 Qd8 23. Rc7 Qb8 24. Bb5+ axb5 25. Qxb5+ Kd8 26. Rxb7 1-0

[Event "DVM U20 2009"]
[Site "Chemnitz GER"]
[Date "2009.12.27"]
[Round "2"]
[White "Paul, Johannes"]
[Black "Brede, Fabian"]
[Result "1-0"]
[Termination "normal"]
[Board "7.2"]
[WhiteElo "2142"]
[BlackElo "1840"]
[WhiteTeam "SG Aufbau Elbe Magdeburg"]
[BlackTeam "SV 1947 Walldorf"]
[PlyCount "45"]
[WhiteFideId "24622087"]
[BlackFideId "24665444"]
[EventCountry "GER"]
[EventRounds "7"]
[EventType "team-swiss"]
[EventDate "2009.12.26"]

1. c4 Nf6 2. Nf3 e6 3. g3 b6 4. Bg2 Bb7 5. O-O Be7 6. Nc3 O-O 7. d4 d5 8. cxd5
Nxd5 9. Qc2 c5 10. dxc5 bxc5 11. Rd1 Nd7 12. e4 Nxc3 13. Qxc3 Bxe4 14. Ne5 Bxg2
15. Rxd7 Qxd7 16. Nxd7 Rfd8 17. Kxg2 Rxd7 18. Be3 Rc8 19. Qc2 Rd5 20. Rd1 h6
21. Rxd5 exd5 22. Kf3 Kf8 23. Qh7 1-0

[Event "DVM U20 2009"]
[Site "Chemnitz GER"]
[Date "2009.12.27"]
[Round "2"]
[White "Busch, Christian"]
[Black "Schiffner, Kevin"]
[Result "0-1"]
[Termination "normal"]
[Board "7.3"]
[WhiteElo "1703"]
[BlackElo "1952"]
[WhiteTeam "SV 1947 Walldorf"]
[BlackTeam "SG Aufbau Elbe Magdeburg"]
[PlyCount "68"]
[WhiteFideId "1270588"]
[BlackFideId "24674940"]
[EventCountry "GER"]
[EventRounds "7"]
[EventType "team-swiss"]
[EventDate "2009.12.26"]

1. c4 Nf6 2. Nc3 g6 3. Nf3 Bg7 4. d4 d6 5. g3 O-O 6. Bg2 Nbd7 7. O-O e5 8. dxe5
dxe5 9. Qc2 c6 10. Bg5 Qc7 11. Rad1 h6 12. Bxf6 Nxf6 13. e4 Be6 14. b3 Rac8 15.
Qb2 Qb8 16. Rd2 b5 17. cxb5 cxb5 18. b4 Rxc3 19. Qxc3 Nxe4 20. Qe3 Nxd2 21.
Nxd2 Rd8 22. Ne4 Rd4 23. Nc5 Bxa2 24. Ra1 Bc4 25. Qa3 Bf8 26. h3 Bxc5 27. bxc5
b4 28. Qxa7 Qxa7 29. Rxa7 b3 30. Rb7 Rd2 31. c6 Be6 32. c7 b2 33. Bf1 Rc2 34.
Kg2 Bd5+ 0-1

[Event "DVM U20 2009"]
[Site "Chemnitz GER"]
[Date "2009.12.27"]
[Round "2"]
[White "Rickmann, David"]
[Black "Buchholz, Daniel"]
[Result "1-0"]
[Termination "normal"]
[Board "7.4"]
[WhiteElo "1895"]
[BlackElo "1484"]
[WhiteTeam "SG Aufbau Elbe Magdeburg"]
[BlackTeam "SV 1947 Walldorf"]
[PlyCount "57"]
[WhiteFideId "24657360"]
[BlackFideId "1270589"]
[EventCountry "GER"]
[EventRounds "7"]
[EventType "team-swiss"]
[EventDate "2009.12.26"]

1. e4 Nc6 2. d4 e6 3. Nf3 Be7 4. Bf4 Nf6 5. Nc3 d6 6. Bd3 O-O 7. O-O Nb4 8. Be2
c5 9. a3 cxd4 10. Nxd4 Nc6 11. Nxc6 bxc6 12. e5 Nd5 13. Bg3 Nxc3 14. bxc3 d5
15. c4 Ba6 16. cxd5 Bxe2 17. Qxe2 cxd5 18. c4 dxc4 19. Qxc4 Qa5 20. Rfc1 Rfd8
21. Qc7 Qxc7 22. Rxc7 Bxa3 23. Kf1 Bb2 24. Raxa7 Rxa7 25. Rxa7 Rf8 26. Bh4 Rc8
27. Be7 Re8 28. Bd6 f6 29. Rxg7+ 1-0

[Event "DVM U20 2009"]
[Site "Chemnitz GER"]
[Date "2009.12.27"]
[Round "2"]
[White "Heimann, Michael"]
[Black "Schwenke, Vincent"]
[Result "0-1"]
[Termination "normal"]
[Board "7.5"]
[WhiteElo "1433"]
[BlackElo "1814"]
[WhiteTeam "SV 1947 Walldorf"]
[BlackTeam "SG Aufbau Elbe Magdeburg"]
[PlyCount "64"]
[WhiteFideId "1271954"]
[BlackFideId "24620467"]
[EventCountry "GER"]
[EventRounds "7"]
[EventType "team-swiss"]
[EventDate "2009.12.26"]

1. e4 c6 2. d4 d5 3. Nc3 dxe4 4. Nxe4 Bf5 5. Ng3 Bg6 6. Bc4 e6 7. Bf4 Nf6 8. c3
Bd6 9. Qd2 O-O 10. Nf3 Qc7 11. Bxd6 Qxd6 12. Bd3 Nbd7 13. O-O-O a5 14. Rhe1 b5
15. Ne5 Rfb8 16. Nxg6 hxg6 17. h4 b4 18. Be2 bxc3 19. Qxc3 Nd5 20. Qd2 Ra7 21.
Bc4 N7f6 22. Ne4 Nxe4 23. Rxe4 Rab7 24. b3 a4 25. Bxd5 cxd5 26. Re3 axb3 27.
Rxb3 Rxb3 28. axb3 Rxb3 29. Qa5 Qc6+ 30. Kd2 Rb2+ 31. Ke3 Qc2 32. Qd2 Qe4# 0-1

[Event "DVM U20 2009"]
[Site "Chemnitz GER"]
[Date "2009.12.27"]
[Round "2"]
[White "Nieber, Alexander"]
[Black "Meier, Matthias"]
[Result "1-0"]
[Termination "normal"]
[Board "7.6"]
[WhiteElo "1825"]
[BlackElo "1457"]
[WhiteTeam "SG Aufbau Elbe Magdeburg"]
[BlackTeam "SV 1947 Walldorf"]
[PlyCount "30"]
[WhiteFideId "24691224"]
[BlackFideId "12909467"]
[EventCountry "GER"]
[EventRounds "7"]
[EventType "team-swiss"]
[EventDate "2009.12.26"]

1. d4 d5 2. Nf3 Nf6 3. c4 e6 4. g3 Nbd7 5. Bg2 c5 6. cxd5 Nxd5 7. O-O b6 8. e4
N5f6 9. d5 Bb7 10. Nc3 Qc7 11. Nb5 Qb8 12. d6 Ne5 13. Nc7+ Kd8 14. Nxa8 Bxa8
15. Ng5 Bxd6 1-0

[Event "DVM U20 2009"]
[Site "Chemnitz GER"]
[Date "2009.12.27"]
[Round "2"]
[White "Döring, Andreas"]
[Black "Siebarth, Raiko"]
[Result "0-1"]
[Termination "normal"]
[Board "8.1"]
[WhiteElo "1973"]
[BlackElo "2218"]
[WhiteTeam "SC Tamm 74"]
[BlackTeam "SG Blau-Weiß Stadtilm"]
[PlyCount "74"]
[WhiteFideId "24621030"]
[BlackFideId "4674766"]
[EventCountry "GER"]
[EventRounds "7"]
[EventType "team-swiss"]
[EventDate "2009.12.26"]

1. e4 c5 2. Nf3 d6 3. d4 cxd4 4. Nxd4 Nf6 5. Nc3 a6 6. Be3 e5 7. Nde2 Be7 8. f3
Be6 9. Qd2 d5 10. exd5 Nxd5 11. Nxd5 Qxd5 12. Qxd5 Bxd5 13. a3 Bh4+ 14. Bf2
Bxf2+ 15. Kxf2 Nc6 16. Nc3 O-O-O 17. Bd3 Be6 18. Rhe1 Kc7 19. Rad1 Rhe8 20. Be4
f6 21. Bxc6 Kxc6 22. Ke3 Bf5 23. Re2 Rxd1 24. Nxd1 Rd8 25. Rd2 Rxd2 26. Kxd2 b5
27. Ne3 Be6 28. Kd3 f5 29. g3 f4 30. Ng2 Bh3 31. Ne1 Kd5 32. Kd2 g5 33. Nd3 Bg2
34. Ke2 Bxf3+ 35. Kxf3 e4+ 36. Kg4 exd3 37. cxd3 h5+ 0-1

[Event "DVM U20 2009"]
[Site "Chemnitz GER"]
[Date "2009.12.27"]
[Round "2"]
[White "Hoffmann, Lena"]
[Black "Schäfer, Alexander"]
[Result "0-1"]
[Termination "normal"]
[Board "8.2"]
[WhiteElo "1855"]
[BlackElo "2073"]
[WhiteTeam "SG Blau-Weiß Stadtilm"]
[BlackTeam "SC Tamm 74"]
[PlyCount "78"]
[WhiteFideId "24626597"]
[BlackFideId "24615196"]
[EventCountry "GER"]
[EventRounds "7"]
[EventType "team-swiss"]
[EventDate "2009.12.26"]

1. b3 e5 2. Bb2 d6 3. g3 Nf6 4. Bg2 Be7 5. e3 O-O 6. Ne2 c6 7. O-O Qc7 8. d3
Nbd7 9. Nd2 Nc5 10. h3 Ne6 11. c4 Ng5 12. g4 Qb6 13. Ng3 h5 14. Nf5 Bxf5 15.
gxf5 h4 16. Qe2 Rae8 17. Kh1 Bd8 18. e4 g6 19. f4 Nh5 20. Kh2 Ng3 21. Qg4 Nxf1+
22. Rxf1 exf4 23. Qxf4 Qa5 24. fxg6 fxg6 25. Qe3 Rxf1 26. Nxf1 Rf8 27. a3 Qc7
28. Kh1 Qf7 29. Bd4 Ne6 30. Bxa7 Bg5 31. Qg1 c5 32. e5 Nf4 33. Nh2 Nxg2 34.
Qxg2 Qf4 35. Qd5+ Kg7 36. exd6 Qc1+ 37. Kg2 Qd2+ 38. Kh1 Qe1+ 39. Kg2 Rf2# 0-1